Statistiken für Teams nach College 2.0

Klicken Sie hier um das Quiz zu spielen!

Allgemein

  • Dieses Quiz wurde 16 mal gespielt
  • Das Durchschnittsergebnis liegt bei 8 aus 32

Antwortstatistiken

HintAntwort% Korrekt
WisconsinChattanoogaArkansasPatriots
82%
Ar-Pine BluffFordhamPenn St.Dolphins
55%
UTEPClemsonColoradoPackers
55%
USCCincinnatiGeorgiaChiefs
45%
Texas A&MIowaHarvard Buccaneers
36%
CalBoston CollegeToledoChargers
36%
CincinattiVirginia CommonwealthNotre DameColts
36%
Colorado St.Notre DameSouth AlabamaCowboys
36%
Southern MissOle MissSouth Dakota St.Eagles
36%
GeorgiaAlabamaKentuckyGiants
36%
Western MichiganAuburnLouisvilleJets
36%
AlabamaGeorgia TechFloridaRaiders
36%
IowaCalOle MissSeahawks
36%
Virginia TechMichiganPurdueBrowns
27%
VirginiaTexas A&MFloridaFalcons
27%
LSUArkansasOhio St.Lions
27%
Ohio St.Ohio St.DaytonSaints
27%
LouisianaIowaSan Diego St.49ers
18%
TennesseeNotre DameKansas St.Bears
18%
ClemsonClemsonPittBengals
18%
Ohio St.Boise StateVirginia TechCommanders
18%
TempleNC StateColorado St.Panthers
18%
Minnesota St.Boise StateLSUVikings
18%
GeorgiaFlorida St.StanfordCardinals
9%
CalKentuckyOle MissJaguars
9%
FloridaWestern KentuckyTCURams
9%
ToledoPenn St.Western MichiganSteelers
9%
Oregon St.Ole MissAlabama St.Texans
9%
DukeTempleFlorida AtlanticBills
0%
UtahUtahMissouriBroncos
0%
TexasOklahomaNotre DameRavens
0%
USCStanfordNorth Dakota St.Titans
0%

Verteilung der Resultate

Perzentil nach korrekt beantworteten Fragen

Anzahl Personen mit jedem Resultat

Ihre Resultats-Entwicklung

Sie haben dieses Quiz noch nicht gespielt